000 00661nam a2200181Ia 4500
003 GCL
008 140319s9999 xx 000 0 ara d
040 _aGCL /
_cGCL
082 0 4 _aق
_b327.62073
_bر ت
100 1 _aرضا أحمد شحاته
245 1 0 _aتطورالسياسةالامريكية نحو مصر بين حربين /
_cرضا أحمد شحاته
300 _a713 ص
490 _aالهيئة العامة للاستعلامات
_v0
650 0 4 _aالولايات المتحدة الامريكية
650 0 4 _aالعلاقات الخارجية
650 0 4 _aمصر - تاريخ - العصر الحديث (1805 - 1956 )
942 _2ddc
_cBK
999 _c48318
_d48318